000 00491nam a2200169Ia 4500
003 GCL
008 140319s9999 xx 000 0 ara d
040 _aGCL /
_cGCL
082 0 4 _aد
_b050
100 1 _aابراهيم المصرى
245 1 0 _aخبز الاقوياء ( اقرا 380 ) /
_cابراهيم المصرى
300 _a231 ص
490 _aوثائق ونصوص
_v0
650 0 4 _aالقيم الاجتماعية
650 0 4 _aالقيم الاخلاقية
942 _2ddc
_cCF
999 _c27274
_d27274